| 000 | 00473nam a2200181Ia 4500 | ||
|---|---|---|---|
| 001 | 11625 | ||
| 005 | 20260306162841.0 | ||
| 008 | 260306t2024||||xx |||||||||||||| ||spa|| | ||
| 041 | _aESP | ||
| 082 |
_a985.6 _bF89 |
||
| 100 |
_aFuentes Pastor, Hélard, _eAUT |
||
| 245 | 0 |
_aMeses de incertidumbre y aversión : _bla ocupación chilena en Arequipa |
|
| 260 | _c2024 | ||
| 300 |
_a248 páginas : _c24 cm. |
||
| 650 | _aGEN | ||
| 654 | _aCHU | ||
| 942 |
_cLIB _dJUS _fJUS _2ddc _n |
||
| 999 |
_c11625 _d11625 |
||